000 00836nam a2200265 a 4500
001 72347
003 BD-RjUL
005 20211209082241.0
008 170516s1959 nyua b 001 0 eng c
035 _a(BD-RjUL)72564
040 _aDLC/ICU
_cCGU
_dBD-RjUL
_beng
041 _aeng
082 0 _a551.11
_223
_bGUP 1959
100 1 _aGutenberg, Beno,
_d1889-1960
_9213958
245 1 0 _aPhysics of the earth's interior /
_cBeno Gutenberg.
260 _aNew York, NY :
_bAcademic Press,
_c1959.
300 _axii, 240 p. :
_bill. ;
_c24 cm.
490 1 _aInternational geophysics series ;
_vv. 1.
500 _aIncludes index
650 _aInterior of the earth
_9213959
651 0 _aEarth (Planet)
_xInternal structure.
_9213960
830 0 _aInternational geophysics series ;
_vv. 1.
_9213962
942 _2ddc
_cBK
999 _c72347
_d72347